Οι μαστοί του Τειρεσία : δράμα σουρεαλιστικό σε δύο πράξεις και έναν πρόλογο

Αποθηκεύτηκε σε:
Λεπτομέρειες βιβλιογραφικής εγγραφής
Κύριος συγγραφέας: Apollinaire, Guillaume, 1880-1918
Άλλοι συγγραφείς: Σφακιανάκης, Αρης 1958- (Μεταφραστής)
Μορφή: Βιβλίο
Γλώσσα:Greek
French
Δημοσίευση: Αθήνα : Αιγόκερως, c1981.
Σειρά:Λογοτεχνία (Αιγόκερως) ; 13
Θέματα:
Ετικέτες: Προσθήκη ετικέτας
Δεν υπάρχουν, Καταχωρήστε ετικέτα πρώτοι!

MARC

LEADER 00000cam a2200000 i 4500
001 1/50441
008 941103s1981 gr ||| | gre||
035 |a 1992  |c ΔΩΡΕΑ  |l 10043878 
040 |a GR-MyUA  |b gre  |e AACR2 
041 1 |a gre  |h fre 
082 7 |a 842   |2 (22) 
100 1 |a Apollinaire, Guillaume,   |d 1880-1918. 
245 1 3 |a Οι μαστοί του Τειρεσία :   |b δράμα σουρεαλιστικό σε δύο πράξεις και έναν πρόλογο /   |c Γκυγιώμ Απολιναίρ ; μετάφραση: Άρης Σφακιανάκης ; εισαγωγή και γλωσσική επιμέλεια: Αλέξης Ζήρας.  
260 |a Αθήνα :   |b Αιγόκερως,   |c c1981.  
300 |a 78 σ. ;   |c 20 εκ.  
490 1 |a (Λογοτεχνία / Αιγόκερως ;   |v  13) 
500 |a Τίτλος πρωτοτύπου: Les mamelles de Tiresias. 
650 0 0 |a French drama. 
700 1 |a Σφακιανάκης, Αρης  |d 1958-  |e trl 
830 0 |a Λογοτεχνία (Αιγόκερως)  |v  ; 13 
852 |a INST  |b SAMOS  |e 19941103  |h 842 APO  |p 005300000557  |q 005300000557  |t BK  |y 0 
909 |a Σ  |b 023740 
970 |z 03/11/1994